00963cam a2200277 i 45000010008000000030006000080050017000140080041000310100017000720150015000890200032001040400018001360500019001540820016001731000030001892450110002192600045003293000020003745040025003946000027004196100056004469060045005029420012005479990015005599520111005741839664GBCCL20241126110402.0810114s1980 enk b 000 0 eng  a 80515319  aGB80-11745 a0851102360 (pbk.) :c£0.60 aDLCcDLCdDLC00aBX9750.S4bA4400a289.96bALL1 aAllan, John,d1950-9298014aThe rising of the Moon :ban examination of Sun Myung Moon and his Unification Church /c[by] John Allan. aLeicester :bInter-Varsity Press,c1980. a62 p. ;c18 cm. aBibliography: p. 62.10aMoon, Sun Myung.9298120aUnification ChurchxControversial literature.92982 a7bcbccorignewd4encipf19gy-gencatlg 2ddccBK c1487d1487 00102ddc4070aGBCbGBCcCHd2017-05-02l0o289.96 ALLp002418r2025-05-01 00:00:00tc.1w2017-05-02yBK